Fallout New Vegas God Tier Quiz - Statistics

General Stats
  • This quiz has been taken 400 times
  • The average score is 34 of 54
Answer Stats
Hint Answer % Correct
What is the faction with a two-headed bear on its flag? NCR
99%
What is the faction with a bull on its flag? Legion
96%
Who have taken over Nipton? Legion
96%
What faction takes a part in slavery? Legion
96%
Who shot you in the beginning cutscene? Benny
89%
What is the name of the town you wake up in? Goodsprings
88%
What is the first town you go to? Primm
85%
What tribe was with the person who shot you? Great Khans
84%
What is the 3rd town you have to go to? Novac
82%
Who is the nighttime sniper in Novac? Boone
81%
Who dug you out of your grave? Victor
80%
What is the doctor's name that patched you up? Doc Mitchell
79%
What were you trying to deliever? Platinum Chip
79%
Who is the secret overseer of New Vegas? Mr House
77%
What New Vegas faction are cannibals? White Glove Society
77%
Who do you side with for New Vegas independence? Yes Man
77%
What raider group is obssessed with chems? Fiends
76%
Who teaches you how to survive in the desert? Sunny Smiles
75%
What is the name of the 2nd town you pass through? Nipton
74%
What minor faction runs Gormorrah? Omertas
74%
What faction uses high explosie ordinance? Boomers
71%
What unique pistol does Benny use? Maria
70%
What minor faction runs the Tops? Chairmen
68%
What faction uses the Old Mormon Fort? Followers of the Apocalypse
67%
What is the town full of friendly super mutants and nightkin? Jacobstown
67%
What is the name of the playable charcter? Courier 6
65%
What company sells the best modern guns in the Mojave? Gun Runners
65%
Where in New Vegas do you find Benny? Tops
63%
Who runs the Goodsprings General Store? Chet
62%
What type of people have taken over Primm? Convicts
62%
What Great Khan do you meet in Boulder City? Jessup
62%
Who is the daytime sniper in Novac? Manny Vargas
62%
What is the first weapon you get? Varmint Rifle
62%
Who is hiding in the gas station in Goodsprings? Ringo
59%
What is the 2nd biggest raider group? Vipers
59%
Who is the bartender in the Pioneer Saloon? Trudy
56%
After you do the quest for Manny, where does he tell you to go? Boulder City
54%
What faction was Cass apart of? Crimson Caravan
54%
Who have the convicts captured? Deputy Beagle
50%
What company did the playable character work for? Mojave Express
49%
What is the biggest raider group besides fiends? Jackals
48%
Who wants to take over Goodsprings? Joe Cobb
46%
What faction attacks caravaneers? Van Graffs
46%
How much does it cost to buy a room in Novac? 100 caps
43%
Where can you find your companion Veronica? 188 trading post
41%
How much do you purchase the counterfeit passport for? 500 caps
41%
Who won the Nipton Lottery? Oliver Swanick
39%
What is the weakest raider tribe? Scorpions
38%
What is the quest you need to do for Manny? Come fly with me
37%
Who do you buy the motel room from? Jeannie
37%
What faction is Arcade Gannon apart of? Enclave Remnants
35%
What is Boone's quest called? One for my baby
35%
Who is the merchant in the dino bite gift shop? Cliff
28%
What does Jessup give you? Benny's engraved lighter
11%
No matching quizzes found
Score Distribution
Percent of People with Each Score
Percentile by Number Answered
Your Score History
You have not taken this quiz